2024-2025 Cleveland Cavaliers roster - Statistics

General Stats
  • This quiz has been taken 41 times
  • The average score is 10 of 13
Answer Stats
Hint Answer % Correct
PG Darius Garland
100%
PF Evan Mobley
100%
C Jarrett Allen
100%
SG Donovan Mitchell
97%
SF Max Strus
88%
PG Ty Jerome
75%
SF Caris LeVert
72%
C Tristan Thompson
69%
SF Isaac Okoro
53%
PG Sam Merrill
53%
PG Craig Porter
50%
SF Jaylon Tyson
50%
SF Dean Wade
47%
No matching quizzes found
Score Distribution
Percent of People with Each Score
Percentile by Number Answered
Your Score History
You have not taken this quiz